Ο πύργος με τις γλαύκες

Αποθηκεύτηκε σε:
Λεπτομέρειες βιβλιογραφικής εγγραφής
Κύριος συγγραφέας: Μανιατάκος, Γιώργος, 1915-
Μορφή: Βιβλίο
Γλώσσα:Greek
Δημοσίευση: Αθήνα : Νέα Σύνορα, 1990.
Θέματα:
Ετικέτες: Προσθήκη ετικέτας
Δεν υπάρχουν, Καταχωρήστε ετικέτα πρώτοι!

MARC

LEADER 00000cam a2200000 a 4500
001 1/115764
008 180131s1990####gr | ||| |||| ||gre||
020 |a 9602361131 
040 |a GR-MyUa  |b gre  |c GR-MyUa  |e AACR2 
041 0 |a gre 
082 7 |a 889.3   |2 (23) 
100 1 |a Μανιατάκος, Γιώργος,  |d 1915- 
245 1 2 |a Ο πύργος με τις γλαύκες /   |c Γιώργος Μανιατάκος.  
260 |a Αθήνα :   |b Νέα Σύνορα,   |c 1990.  
300 |a 209 σ. ;   |c 21 εκ.  
650 0 |a Greek fiction, Modern  |y 20th century. 
650 0 |a Folk literature, Greek. 
852 |a INST  |b RHODES  |e 20180131  |h 889.3 ΜΑΝ  |p 005400039781  |q 005400039781  |t BK  |y 0 
970 |z 31-01-2018